[Event "19. Open de la Constitución 2017"]
[Site "San Sebastian de los Reyes ES"]
[Date "2017.12.09"]
[Round "8.6"]
[White "Rodrigo Yanguas, Maria"]
[Black "Suarez Uriel, Adrian"]
[Result "1/2-1/2"]
[WhiteElo "2071"]
[BlackElo "2402"]
[PlyCount "60"]
[EventDate "2017.12.02"]
[EventType "swiss"]
[EventRounds "9"]
[EventCountry "ESP"]
[SourceTitle "Ajedrez en Madrid"]
[Source "lmi"]
[SourceDate "2017.12.02"]
[SourceVersion "1"]
[SourceVersionDate "2017.12.16"]
[SourceQuality "1"]

1. e4 c5 2. c3 Nf6 3. e5 Nd5 4. d4 Nc6 5. Nf3 cxd4 6. cxd4 d6 7. Bc4 e6 8. O-O
Be7 9. Qe2 O-O 10. Nc3 Nxc3 11. bxc3 dxe5 12. Nxe5 Nxe5 13. Qxe5 Bd7 14. Bd3
Bc6 15. Re1 Bf6 16. Qg3 Rc8 17. Bf4 Bd5 18. Re3 g6 19. Bc2 Bxd4 20. Bxg6 fxg6
21. cxd4 Rc2 22. f3 Bxf3 23. Qxf3 Qxd4 24. Rf1 Rc4 25. g3 e5 26. Rd1 Qc5 27.
Rd5 Rc1+ 28. Kg2 Rc2+ 29. Kg1 Rc1+ 30. Kg2 Rc2+ 1/2-1/2

[Event "19. Open de la Constitución 2017"]
[Site "San Sebastian de los Reyes ES"]
[Date "2017.12.09"]
[Round "8.7"]
[White "Quevedo Marin, Manuel"]
[Black "Vazquez Gonzalez, Jesus"]
[Result "1/2-1/2"]
[WhiteElo "2241"]
[BlackElo "1943"]
[PlyCount "55"]
[EventDate "2017.12.02"]
[EventType "swiss"]
[EventRounds "9"]
[EventCountry "ESP"]
[SourceTitle "Ajedrez en Madrid"]
[Source "lmi"]
[SourceDate "2017.12.02"]
[SourceVersion "1"]
[SourceVersionDate "2017.12.16"]
[SourceQuality "1"]

1. d4 g6 2. e4 Bg7 3. Nc3 c5 4. dxc5 Bxc3+ 5. bxc3 Nf6 6. Bh6 Qa5 7. Bd3 Qxc3+
8. Bd2 Qxc5 9. Nf3 Nc6 10. O-O d6 11. Rb1 a6 12. Rb3 O-O 13. Qa1 Ne5 14. Nxe5
dxe5 15. Bc3 Qc6 16. Bxe5 Nxe4 17. Re1 Nc5 18. Rc3 Be6 19. Bd4 b6 20. Be4 Bd5
21. Bxd5 Qxd5 22. Rce3 Rad8 23. c3 e6 24. Qc1 Qg5 25. Qb1 Nd7 26. Rg3 Qd5 27.
Qc1 e5 28. Qg5 1/2-1/2

[Event "19. Open de la Constitución 2017"]
[Site "San Sebastian de los Reyes ES"]
[Date "2017.12.09"]
[Round "8.8"]
[White "Torres Boch, Jose F"]
[Black "Tarrio Ocaña, Jose Manuel"]
[Result "1-0"]
[WhiteElo "2143"]
[BlackElo "1866"]
[PlyCount "109"]
[EventDate "2017.12.02"]
[EventType "swiss"]
[EventRounds "9"]
[EventCountry "ESP"]
[SourceTitle "Ajedrez en Madrid"]
[Source "lmi"]
[SourceDate "2017.12.02"]
[SourceVersion "1"]
[SourceVersionDate "2017.12.16"]
[SourceQuality "1"]

1. e4 e6 2. d4 d5 3. Nc3 Nf6 4. e5 Nfd7 5. f4 c5 6. Nf3 Nc6 7. Be3 cxd4 8. Nxd4
Bc5 9. Qd2 a6 10. O-O-O Nxd4 11. Bxd4 b5 12. Ne4 Be7 13. Ng5 h6 14. Nf3 Nc5 15.
Bd3 Nxd3+ 16. Qxd3 Bd7 17. g4 b4 18. h4 Bb5 19. Qe3 Rc8 20. Kb1 Qc7 21. Rc1 Qc4
22. f5 Qe2 23. Qf4 Qe4 24. Qg3 Be2 25. Ng1 Qxh1 26. Nxe2 Qe4 27. Qf2 Bxh4 28.
Qxh4 Qxe2 29. Bf2 Rc4 30. fxe6 Qxg4 31. exf7+ Kxf7 32. e6+ Qxe6 33. Bd4 Re8 34.
b3 Rc6 35. Rg1 g5 36. Qf2+ Kg6 37. Rf1 Re7 38. Qf8 Qe4 39. Bf6 Rxc2 40. Qxe7
Re2+ 41. Qxe4+ dxe4 42. Be7 e3 43. Rf6+ Kh5 44. Rxa6 Rf2 45. Bxb4 e2 46. Re6 g4
47. Be1 g3 48. Kc2 Kg4 49. Kd2 Kf3 50. Rxh6 Kg2 51. Rg6 Kf1 52. Rxg3 Rf7 53.
Rd3 Rc7 54. Rf3+ Kg1 55. a4 1-0

[Event "19. Open de la Constitución 2017"]
[Site "San Sebastian de los Reyes ES"]
[Date "2017.12.09"]
[Round "8.9"]
[White "Bartolome Martin, Angel"]
[Black "Robles Diaz, Jose Alberto"]
[Result "0-1"]
[WhiteElo "1936"]
[BlackElo "2136"]
[PlyCount "62"]
[EventDate "2017.12.02"]
[EventType "swiss"]
[EventRounds "9"]
[EventCountry "ESP"]
[SourceTitle "Ajedrez en Madrid"]
[Source "lmi"]
[SourceDate "2017.12.02"]
[SourceVersion "1"]
[SourceVersionDate "2017.12.16"]
[SourceQuality "1"]

1. d4 Nf6 2. Bg5 g6 3. Bxf6 exf6 4. e3 Bg7 5. g3 O-O 6. Bg2 d6 7. Ne2 Nd7 8.
O-O f5 9. c4 Nf6 10. Nbc3 h5 11. h4 Re8 12. Qd3 Ng4 13. Nf4 c6 14. b4 Bd7 15.
a4 g5 16. Nxh5 gxh4 17. Ne2 hxg3 18. Nhxg3 Qh4 19. Rfe1 Bh6 20. Nf4 Bxf4 21.
exf4 Re6 22. Re2 Rae8 23. Rae1 d5 24. cxd5 cxd5 25. Bxd5 Rxe2 26. Rxe2 Rxe2 27.
Qxe2 Bxa4 28. Nxf5 Qh2+ 29. Kf1 Bb5 30. Nh6+ Kf8 31. Nxg4 Bxe2+ 0-1

[Event "19. Open de la Constitución 2017"]
[Site "San Sebastian de los Reyes ES"]
[Date "2017.12.09"]
[Round "8.10"]
[White "Bello Burguet, Glenier Lazaro"]
[Black "Cardenas Serrano, Sergio"]
[Result "1-0"]
[WhiteElo "1917"]
[BlackElo "2123"]
[PlyCount "105"]
[EventDate "2017.12.02"]
[EventType "swiss"]
[EventRounds "9"]
[EventCountry "ESP"]
[SourceTitle "Ajedrez en Madrid"]
[Source "lmi"]
[SourceDate "2017.12.02"]
[SourceVersion "1"]
[SourceVersionDate "2017.12.16"]
[SourceQuality "1"]

1. d4 Nf6 2. Bf4 g6 3. e3 Bg7 4. Nf3 d6 5. h3 Nbd7 6. Be2 O-O 7. O-O b6 8. a4
a6 9. c3 Bb7 10. Nbd2 Re8 11. Bh2 e5 12. Qb3 Ne4 13. Nxe4 Bxe4 14. Rfd1 Qe7 15.
Qc4 c6 16. dxe5 Bd5 17. exd6 Qe6 18. Qf4 Bxf3 19. Qxf3 Rec8 20. Qg4 Qxg4 21.
Bxg4 f5 22. Be2 Kf7 23. g4 fxg4 24. Bxg4 Rd8 25. e4 Nc5 26. e5 Ne6 27. f4 Bh6
28. h4 Rg8 29. Bxe6+ Kxe6 30. Kf2 Raf8 31. Ke3 Rf7 32. Rd4 Rgf8 33. Rad1 Rf5
34. Re4 R8f7 35. Bg3 Rb7 36. b4 Rbf7 37. Rdd4 b5 38. Rd1 Ra7 39. Kd4 Kd7 40.
Kc5 Ra8 41. Kb6 Ke6 42. d7 Rff8 43. Rd6+ Ke7 44. Kxc6 bxa4 45. Rd1 Bg7 46. Ra1
Rfd8 47. Rd4 Ra7 48. Rad1 a3 49. h5 g5 50. fxg5 a2 51. g6 Ke6 52. Rd6+ Kf5 53.
Ra1 1-0

[Event "19. Open de la Constitución 2017"]
[Site "San Sebastian de los Reyes ES"]
[Date "2017.12.09"]
[Round "8.11"]
[White "Alfaya Marcelo, Roberto"]
[Black "Fernandez Garcia, Ignacio"]
[Result "1-0"]
[WhiteElo "2193"]
[BlackElo "1861"]
[PlyCount "49"]
[EventDate "2017.12.02"]
[EventType "swiss"]
[EventRounds "9"]
[EventCountry "ESP"]
[SourceTitle "Ajedrez en Madrid"]
[Source "lmi"]
[SourceDate "2017.12.02"]
[SourceVersion "1"]
[SourceVersionDate "2017.12.16"]
[SourceQuality "1"]

1. e4 d6 2. d4 g6 3. Nc3 Bg7 4. Be3 Nf6 5. f3 c6 6. Bc4 Nbd7 7. Qd2 e5 8. O-O-O
O-O 9. Bb3 Re8 10. dxe5 dxe5 11. h4 Qa5 12. g4 Nc5 13. h5 Nxb3+ 14. axb3 Nxg4
15. hxg6 hxg6 16. fxg4 Bxg4 17. Rf1 Rad8 18. Qg2 Qa1+ 19. Nb1 Rd1+ 20. Rxd1
Bxd1 21. Nh3 Bh5 22. Nf2 Qa5 23. Rxh5 Qe1+ 24. Nd1 Rd8 25. Nd2 1-0

[Event "19. Open de la Constitución 2017"]
[Site "San Sebastian de los Reyes ES"]
[Date "2017.12.09"]
[Round "8.12"]
[White "Gonzalez Berrendero, Carlos"]
[Black "Unciti Juan, Javier"]
[Result "0-1"]
[WhiteElo "1854"]
[BlackElo "2037"]
[PlyCount "106"]
[EventDate "2017.12.02"]
[EventType "swiss"]
[EventRounds "9"]
[EventCountry "ESP"]
[SourceTitle "Ajedrez en Madrid"]
[Source "lmi"]
[SourceDate "2017.12.02"]
[SourceVersion "1"]
[SourceVersionDate "2017.12.16"]
[SourceQuality "1"]

1. d4 e6 2. Nf3 d5 3. Bf4 Nf6 4. e3 c5 5. c3 Be7 6. Nbd2 Ne4 7. Nxe4 dxe4 8.
Nd2 cxd4 9. exd4 f5 10. f3 exf3 11. Nxf3 O-O 12. Bc4 Bd6 13. Bg5 Qc7 14. Qe2
Nc6 15. Bxe6+ Bxe6 16. Qxe6+ Kh8 17. O-O Rae8 18. Qc4 h6 19. Bd2 Nxd4 20. Qxc7
Nxf3+ 21. Rxf3 Bxc7 22. Re1 Rxe1+ 23. Bxe1 Re8 24. Kf1 g6 25. Bf2 a6 26. Bd4+
Kg8 27. Rh3 h5 28. Bf6 Bf4 29. Rd3 Kf7 30. Bd4 Bxh2 31. Kf2 h4 32. Bc5 Bg3+ 33.
Kf3 g5 34. Re3 g4+ 35. Ke2 Rxe3+ 36. Bxe3 h3 37. gxh3 gxh3 38. Kf3 h2 39. Kg2
f4 40. Bd4 Ke6 41. b4 Kd5 42. a4 f3+ 43. Kh1 f2 44. Bxf2 Bxf2 45. Kxh2 Kc4 46.
b5 axb5 47. axb5 Kxb5 48. Kg2 Be1 49. Kf1 Bxc3 50. Ke2 Kc4 51. Kd1 Kb3 52. Kc1
Ka2 53. Kc2 Bh8 0-1

[Event "19. Open de la Constitución 2017"]
[Site "San Sebastian de los Reyes ES"]
[Date "2017.12.09"]
[Round "8.14"]
[White "Cabañas Bravo, Juan Andres"]
[Black "De Vicente Guijarro, Juan"]
[Result "1-0"]
[WhiteElo "1910"]
[BlackElo "1879"]
[PlyCount "43"]
[EventDate "2017.12.02"]
[EventType "swiss"]
[EventRounds "9"]
[EventCountry "ESP"]
[SourceTitle "Ajedrez en Madrid"]
[Source "lmi"]
[SourceDate "2017.12.02"]
[SourceVersion "1"]
[SourceVersionDate "2017.12.16"]
[SourceQuality "1"]

1. e4 c5 2. Nf3 Nc6 3. d4 cxd4 4. Nxd4 g6 5. Nc3 Bg7 6. Be3 Nf6 7. Nxc6 bxc6 8.
e5 Ng8 9. f4 Nh6 10. Qf3 O-O 11. Bc4 d5 12. exd6 exd6 13. Qxc6 Bg4 14. O-O Re8
15. Bf2 Rc8 16. Qa4 Bxc3 17. bxc3 Bf5 18. Rfe1 Be6 19. Bb3 Qc7 20. Qxa7 Qxc3
21. Qd4 Qa5 22. Qxd6 1-0

[Event "19. Open de la Constitución 2017"]
[Site "San Sebastian de los Reyes ES"]
[Date "2017.12.09"]
[Round "8.15"]
[White "Perez Cameselle, Francisco Jose"]
[Black "Anton Quevedo, Andrea"]
[Result "0-1"]
[WhiteElo "1755"]
[BlackElo "1994"]
[PlyCount "56"]
[EventDate "2017.12.02"]
[EventType "swiss"]
[EventRounds "9"]
[EventCountry "ESP"]
[SourceTitle "Ajedrez en Madrid"]
[Source "lmi"]
[SourceDate "2017.12.02"]
[SourceVersion "1"]
[SourceVersionDate "2017.12.16"]
[SourceQuality "1"]

1. d4 Nf6 2. Nf3 e6 3. c4 b6 4. g3 Bb7 5. Bg2 c5 6. O-O cxd4 7. Nxd4 Bxg2 8.
Kxg2 Be7 9. Nc3 O-O 10. b3 d6 11. e4 a6 12. Be3 Qc7 13. Rc1 Nbd7 14. Qe2 Qb7
15. f3 Rfe8 16. Rfd1 d5 17. cxd5 exd5 18. exd5 Bb4 19. Nc6 Bc5 20. Nd4 Nxd5 21.
Nxd5 Qxd5 22. Qf2 Ne5 23. Nc2 Nd3 24. Qd2 Rad8 25. Bxc5 Qxc5 26. Ne1 Nxc1 27.
Qxd8 Kf8 28. Qd2 Re2+ 0-1

[Event "19. Open de la Constitución 2017"]
[Site "San Sebastian de los Reyes ES"]
[Date "2017.12.09"]
[Round "8.16"]
[White "Lozano Freras, Sergio"]
[Black "De Dompablo Fantova, Juan"]
[Result "1-0"]
[WhiteElo "1972"]
[BlackElo "1686"]
[PlyCount "55"]
[EventDate "2017.12.02"]
[EventType "swiss"]
[EventRounds "9"]
[EventCountry "ESP"]
[SourceTitle "Ajedrez en Madrid"]
[Source "lmi"]
[SourceDate "2017.12.02"]
[SourceVersion "1"]
[SourceVersionDate "2017.12.16"]
[SourceQuality "1"]

1. e4 g6 2. d4 d6 3. Nc3 Bg7 4. Be3 c6 5. Qd2 b5 6. Bd3 Nf6 7. f3 O-O 8. Bh6 a5
9. h4 e5 10. d5 b4 11. Nce2 cxd5 12. exd5 Nxd5 13. Bxg7 Kxg7 14. Be4 Nf4 15.
Nxf4 exf4 16. Qd4+ Kg8 17. Bxa8 Re8+ 18. Kd2 Ba6 19. Rd1 Qc7 20. h5 Rc8 21. Be4
Nc6 22. Qf6 Ne5 23. hxg6 Nxg6 24. Qd4 Qe7 25. Kc1 Rd8 26. Qd5 Qc7 27. Bxg6 hxg6
28. Qd4 1-0

[Event "19. Open de la Constitución 2017"]
[Site "San Sebastian de los Reyes ES"]
[Date "2017.12.09"]
[Round "8.17"]
[White "Garcia Prados, David"]
[Black "Martinez Miura, Enrique"]
[Result "1-0"]
[WhiteElo "1953"]
[BlackElo "1643"]
[PlyCount "81"]
[EventDate "2017.12.02"]
[EventType "swiss"]
[EventRounds "9"]
[EventCountry "ESP"]
[SourceTitle "Ajedrez en Madrid"]
[Source "lmi"]
[SourceDate "2017.12.02"]
[SourceVersion "1"]
[SourceVersionDate "2017.12.16"]
[SourceQuality "1"]

1. e4 e6 2. d4 d5 3. e5 c5 4. c3 cxd4 5. cxd4 Bb4+ 6. Bd2 Bxd2+ 7. Nxd2 Ne7 8.
Ngf3 Nbc6 9. Bd3 Bd7 10. O-O h6 11. Rc1 Nb4 12. Bb1 Bb5 13. Re1 Nd3 14. Bxd3
Bxd3 15. Nb3 Bb5 16. Rc5 Bc6 17. Qc2 O-O 18. Rc1 a5 19. Qd2 a4 20. Na5 Qd7 21.
Nxc6 Nxc6 22. h3 Rfc8 23. Ne1 Kh7 24. Kh1 Kg8 25. f4 Ne7 26. Nd3 b6 27. R5c3
Nf5 28. Qf2 Rxc3 29. bxc3 Rc8 30. g4 Ne7 31. Qb2 Rb8 32. Qb4 Qa7 33. Qb5 Rc8
34. Nb2 a3 35. Na4 Rc6 36. f5 exf5 37. gxf5 Rc4 38. Nxb6 Qb7 39. Qe8+ Kh7 40.
Qxf7 Rc7 41. Rg1 1-0

[Event "19. Open de la Constitución 2017"]
[Site "San Sebastian de los Reyes ES"]
[Date "2017.12.09"]
[Round "8.18"]
[White "Llamas Aliste, Alberto"]
[Black "Camarero Izquierdo, Juan Carlos"]
[Result "0-1"]
[WhiteElo "1678"]
[BlackElo "1852"]
[PlyCount "82"]
[EventDate "2017.12.02"]
[EventType "swiss"]
[EventRounds "9"]
[EventCountry "ESP"]
[SourceTitle "Ajedrez en Madrid"]
[Source "lmi"]
[SourceDate "2017.12.02"]
[SourceVersion "1"]
[SourceVersionDate "2017.12.16"]
[SourceQuality "1"]

1. e4 c5 2. d4 cxd4 3. c3 dxc3 4. Nxc3 e6 5. Bc4 a6 6. Nf3 b5 7. Bb3 Bb7 8. O-O
b4 9. Na4 Bxe4 10. Qe2 Bxf3 11. Qxf3 Nc6 12. Rd1 Nf6 13. Be3 Rb8 14. Nc5 Bxc5
15. Bxc5 Ne7 16. Bd4 Nf5 17. Bc5 Qa5 18. Rac1 d5 19. g4 Ne7 20. Bxe7 Kxe7 21.
g5 Ne4 22. Qf4 Rhc8 23. Kg2 Qd8 24. Qe5 Kf8 25. Bc2 Qxg5+ 26. Qxg5 Nxg5 27. h4
Ne4 28. Bd3 a5 29. Kf3 f5 30. Ke3 Ke7 31. f3 Nd6 32. Rb1 e5 33. Rg1 g6 34. h5
Kf6 35. hxg6 hxg6 36. Rg2 e4 37. fxe4 dxe4 38. Be2 g5 39. Rf1 f4+ 40. Kd4 Re8
41. Bh5 Nf5+ 0-1

[Event "19. Open de la Constitución 2017"]
[Site "San Sebastian de los Reyes ES"]
[Date "2017.12.09"]
[Round "8.19"]
[White "Chidichimo, Pedro Jose Maria"]
[Black "Alfaya Martinez, Enrique"]
[Result "1-0"]
[WhiteElo "1791"]
[BlackElo "1613"]
[PlyCount "83"]
[EventDate "2017.12.02"]
[EventType "swiss"]
[EventRounds "9"]
[EventCountry "ESP"]
[SourceTitle "Ajedrez en Madrid"]
[Source "lmi"]
[SourceDate "2017.12.02"]
[SourceVersion "1"]
[SourceVersionDate "2017.12.16"]
[SourceQuality "1"]

1. d4 Nf6 2. Bf4 e6 3. e3 c5 4. c3 Nc6 5. Nd2 Be7 6. Bd3 b6 7. h3 Bb7 8. Ngf3
Rc8 9. Nc4 d6 10. a4 cxd4 11. exd4 O-O 12. O-O h6 13. Qb3 Ba6 14. Rfd1 d5 15.
Nce5 Bxd3 16. Nxc6 Rxc6 17. Rxd3 a6 18. Ne5 Rc8 19. f3 Nh5 20. Bh2 Bd6 21. Kh1
f6 22. Ng6 Re8 23. f4 Kh7 24. g4 Kxg6 25. gxh5+ Kxh5 26. Qd1+ Kg6 27. Qg4+ Kh7
28. Rg1 Rc7 29. Rdg3 Qd7 30. Qg6+ Kh8 31. Qh5 Qf7 32. Rg6 Rg8 33. Qe2 Ra7 34.
f5 Bxh2 35. fxe6 Qe7 36. Kxh2 Qd6+ 37. Kh1 Re7 38. Qg4 Qxe6 39. Qg3 Qe4+ 40.
Kh2 Qc2+ 41. Rg2 Re2 42. Rxh6+ 1-0

[Event "19. Open de la Constitución 2017"]
[Site "San Sebastian de los Reyes ES"]
[Date "2017.12.09"]
[Round "8.20"]
[White "Vazquez Rodriguez, Francisco"]
[Black "Rodriguez Garcia, Alberto"]
[Result "0-1"]
[WhiteElo "1585"]
[BlackElo "1727"]
[PlyCount "144"]
[EventDate "2017.12.02"]
[EventType "swiss"]
[EventRounds "9"]
[EventCountry "ESP"]
[SourceTitle "Ajedrez en Madrid"]
[Source "lmi"]
[SourceDate "2017.12.02"]
[SourceVersion "1"]
[SourceVersionDate "2017.12.16"]
[SourceQuality "1"]

1. e4 c5 2. c3 d5 3. exd5 Qxd5 4. d4 cxd4 5. cxd4 Nf6 6. Nc3 Qd8 7. Bb5+ Bd7 8.
Bxd7+ Nbxd7 9. Nf3 Nb6 10. O-O e6 11. Be3 Be7 12. Rc1 O-O 13. Qe2 a6 14. Rfd1
Rc8 15. h3 h6 16. Bf4 Nbd5 17. Bg3 Qa5 18. Nxd5 Qxd5 19. a3 Ne4 20. Be5 Rfd8
21. Re1 Ng5 22. Nxg5 Bxg5 23. Rcd1 Rc4 24. b3 Rc3 25. Qg4 f5 26. Qh5 Kh7 27. h4
g6 28. Qe2 Bxh4 29. g3 Bg5 30. Rd3 Rxb3 31. f4 Be7 32. Rc1 Rxd3 33. Qxd3 Bd6
34. Bxd6 Qxd6 35. Qc4 Qxd4+ 36. Qxd4 Rxd4 37. Rc7+ Kg8 38. Rxb7 Rd3 39. Kh2
Rxa3 40. Rb8+ Kf7 41. Rb7+ Kf6 42. Rh7 h5 43. Kh3 Ra1 44. Kg2 a5 45. Ra7 a4 46.
Kh2 a3 47. Ra6 a2 48. Kg2 g5 49. Kh2 gxf4 50. gxf4 Rf1 51. Rxa2 Rxf4 52. Kg3 e5
53. Ra6+ Kg5 54. Ra8 Rg4+ 55. Kf2 Kf4 56. Ra4+ e4 57. Ra3 h4 58. Rh3 Kg5 59.
Ra3 Rf4+ 60. Kg2 Kg4 61. Ra8 h3+ 62. Kg1 e3 63. Ra2 Kg3 64. Rg2+ Kf3 65. Rh2
Kg3 66. Rg2+ Kh4 67. Rh2 Rf2 68. Rxf2 exf2+ 69. Kxf2 Kg4 70. Kg1 Kf3 71. Kh1
Ke2 72. Kh2 f4 0-1

[Event "19. Open de la Constitución 2017"]
[Site "San Sebastian de los Reyes ES"]
[Date "2017.12.09"]
[Round "8.21"]
[White "Rivera Comino, Oscar"]
[Black "Nuevo Benitez, Miguel Angel"]
[Result "1/2-1/2"]
[WhiteElo "1707"]
[BlackElo "1571"]
[PlyCount "93"]
[EventDate "2017.12.02"]
[EventType "swiss"]
[EventRounds "9"]
[EventCountry "ESP"]
[SourceTitle "Ajedrez en Madrid"]
[Source "lmi"]
[SourceDate "2017.12.02"]
[SourceVersion "1"]
[SourceVersionDate "2017.12.16"]
[SourceQuality "1"]

1. d4 d6 2. Bf4 Nf6 3. e3 g6 4. Be2 Bg7 5. h3 O-O 6. Nf3 Nbd7 7. c3 Qe8 8. O-O
e5 9. Bh2 e4 10. Nfd2 Qe7 11. Qc2 Re8 12. c4 c5 13. d5 b5 14. Nc3 Rb8 15. Nxb5
Rxb5 16. cxb5 Nxd5 17. a3 N7b6 18. Nc4 Nxc4 19. Bxc4 Nb6 20. Rab1 Qg5 21. Bf4
Qe7 22. Ba2 Be5 23. Bxe5 Qxe5 24. f4 exf3 25. Rxf3 Bf5 26. Qf2 Bxb1 27. Bxb1
Re7 28. Ba2 c4 29. Qd2 d5 30. Qb4 Rc7 31. Qd2 c3 32. bxc3 Rxc3 33. a4 Ra3 34.
Bb1 Rxa4 35. Bd3 Nc4 36. Bxc4 Rxc4 37. Rf4 Rxf4 38. exf4 Qa1+ 39. Kh2 d4 40.
Qe2 h5 41. Qe8+ Kg7 42. Qe5+ Kh7 43. Qf6 Kg8 44. Qe5 Qa4 45. Qe8+ Kg7 46. Qe5+
Kh7 47. Qd5 1/2-1/2

[Event "19. Open de la Constitución 2017"]
[Site "San Sebastian de los Reyes ES"]
[Date "2017.12.09"]
[Round "8.22"]
[White "Garcia Lopez, Fernando"]
[Black "Llamas Martinez, Pablo"]
[Result "0-1"]
[WhiteElo "1573"]
[BlackElo "1433"]
[PlyCount "80"]
[EventDate "2017.12.02"]
[EventType "swiss"]
[EventRounds "9"]
[EventCountry "ESP"]
[SourceTitle "Ajedrez en Madrid"]
[Source "lmi"]
[SourceDate "2017.12.02"]
[SourceVersion "1"]
[SourceVersionDate "2017.12.16"]
[SourceQuality "1"]

1. e4 c5 2. Nf3 Nc6 3. d4 cxd4 4. Nxd4 Nf6 5. Nc3 e5 6. Ndb5 d6 7. Bg5 a6 8.
Bxf6 gxf6 9. Na3 b5 10. Nd5 f5 11. f3 fxe4 12. g3 Bf5 13. Ne3 Bg6 14. Bg2 exf3
15. Bxf3 Rc8 16. Bg4 Rb8 17. Nd5 Bg7 18. O-O O-O 19. c3 Be4 20. Bf3 Bxd5 21.
Bxd5 Qb6+ 22. Kh1 Ne7 23. Nc2 Nxd5 24. Qxd5 Qc5 25. Nb4 a5 26. Qxc5 dxc5 27.
Nc6 Rb6 28. Ne7+ Kh8 29. Nf5 Re8 30. Rad1 b4 31. c4 b3 32. a3 e4 33. Nd6 Rxd6
34. Rxd6 Bxb2 35. a4 e3 36. Re1 e2 37. Kg2 Bc3 38. Rdd1 exd1=Q 39. Rxd1 b2 40.
Kf2 Re1 0-1

[Event "19. Open de la Constitución 2017"]
[Site "San Sebastian de los Reyes ES"]
[Date "2017.12.09"]
[Round "8.23"]
[White "Minguela Muñoz, Bienvenido"]
[Black "Gonzalez Garcia, Luis"]
[Result "1-0"]
[WhiteElo "1813"]
[BlackElo "1551"]
[PlyCount "59"]
[EventDate "2017.12.02"]
[EventType "swiss"]
[EventRounds "9"]
[EventCountry "ESP"]
[SourceTitle "Ajedrez en Madrid"]
[Source "lmi"]
[SourceDate "2017.12.02"]
[SourceVersion "1"]
[SourceVersionDate "2017.12.16"]
[SourceQuality "1"]

1. d4 d6 2. Nf3 Nf6 3. c4 Nbd7 4. Nc3 e5 5. Bg5 Be7 6. d5 c6 7. e4 Nc5 8. Nd2
a5 9. Be2 O-O 10. O-O h6 11. Be3 cxd5 12. cxd5 b6 13. Rc1 Bd7 14. a3 Qb8 15. b4
axb4 16. axb4 Na6 17. Nc4 Bd8 18. Qb3 b5 19. Na3 Nc7 20. f4 Ng4 21. Bxg4 Bxg4
22. fxe5 dxe5 23. Bc5 Re8 24. d6 Ne6 25. d7 Rf8 26. Bxf8 Kxf8 27. h3 Bxh3 28.
gxh3 Qa7+ 29. Kh1 Qxa3 30. Qxe6 1-0

[Event "19. Open de la Constitución 2017"]
[Site "San Sebastian de los Reyes ES"]
[Date "2017.12.09"]
[Round "8.24"]
[White "Karunanithi, Bharath"]
[Black "Rodriguez Bernal, Herman"]
[Result "1/2-1/2"]
[WhiteElo "1550"]
[BlackElo "1763"]
[PlyCount "37"]
[EventDate "2017.12.02"]
[EventType "swiss"]
[EventRounds "9"]
[EventCountry "ESP"]
[SourceTitle "Ajedrez en Madrid"]
[Source "lmi"]
[SourceDate "2017.12.02"]
[SourceVersion "1"]
[SourceVersionDate "2017.12.16"]
[SourceQuality "1"]

1. d4 Nf6 2. c4 g6 3. Nc3 d5 4. Nf3 Bg7 5. Bd2 O-O 6. cxd5 Nxd5 7. e4 Nxc3 8.
Bxc3 c5 9. Be2 Nc6 10. d5 Nd4 11. Bxd4 cxd4 12. O-O Bg4 13. h3 Bxf3 14. Bxf3
Qb6 15. b3 Rac8 16. Rc1 Rc3 17. Be2 a6 18. Kh1 Rfc8 19. Qd2 1/2-1/2

[Event "19. Open de la Constitución 2017"]
[Site "San Sebastian de los Reyes ES"]
[Date "2017.12.09"]
[Round "8.25"]
[White "Braziunaite, Rasa"]
[Black "Lopez Orellana, Federico"]
[Result "1/2-1/2"]
[WhiteElo "1517"]
[BlackElo "1727"]
[PlyCount "40"]
[EventDate "2017.12.02"]
[EventType "swiss"]
[EventRounds "9"]
[EventCountry "ESP"]
[SourceTitle "Ajedrez en Madrid"]
[Source "lmi"]
[SourceDate "2017.12.02"]
[SourceVersion "1"]
[SourceVersionDate "2017.12.16"]
[SourceQuality "1"]

1. b3 d5 2. Bb2 Nf6 3. e3 Bf5 4. Bxf6 exf6 5. d4 c6 6. Bd3 Qd7 7. Ne2 Bd6 8.
O-O O-O 9. c4 Bxd3 10. Qxd3 Re8 11. Nd2 f5 12. Nf4 Bxf4 13. exf4 Na6 14. a3
dxc4 15. bxc4 Rad8 16. Rfe1 g6 17. Nb3 Re6 18. Re3 Rde8 19. Rae1 Rxe3 20. Rxe3
Re6 1/2-1/2

[Event "19. Open de la Constitución 2017"]
[Site "San Sebastian de los Reyes ES"]
[Date "2017.12.09"]
[Round "8.27"]
[White "Yaniz Lana, Francisco Javier"]
[Black "Gonzalez Morente, Jose A"]
[Result "1-0"]
[WhiteElo "1570"]
[BlackElo "1453"]
[PlyCount "27"]
[EventDate "2017.12.02"]
[EventType "swiss"]
[EventRounds "9"]
[EventCountry "ESP"]
[SourceTitle "Ajedrez en Madrid"]
[Source "lmi"]
[SourceDate "2017.12.02"]
[SourceVersion "1"]
[SourceVersionDate "2017.12.16"]
[SourceQuality "1"]

1. d4 d5 2. Nf3 Nf6 3. Bf4 e6 4. e3 Bd6 5. Ne5 O-O 6. Nd2 Nbd7 7. Bd3 c5 8. c3
Qc7 9. Ndf3 Nh5 10. Bxh7+ Kh8 11. Ng5 Ndf6 12. Nexf7+ Rxf7 13. Bxd6 Qxd6 14.
Nxf7+ 1-0